[Event "20th HZ Open 2016"]
[Site "Vlissingen NED"]
[Date "2016.08.13"]
[Round "9.47"]
[White "Woudsma, Martijn"]
[Black "Ritsema, Ronald"]
[Result "1-0"]
[WhiteElo "2191"]
[BlackElo "2059"]
[WhiteFideId "1008889"]
[BlackFideId "1010409"]
[EventDate "2016.08.06"]

1. e4 e6 2. d4 d5 3. Nc3 Bb4 4. e5 c5 5. a3 Bxc3+ 6. bxc3 Qa5 7. Bd2 Qa4 8. Rb1
c4 9. Qc1 Nc6 10. Nh3 b6 11. Nf4 g6 12. h4 h5 13. Nh3 Rh7 14. Be2 Bd7 15. Bg5
Nce7 16. O-O Qa5 17. Qd2 Ba4 18. Rb4 b5 19. Bd1 a6 20. f3 Qb6 21. Qf4 Qc7 22. g4
Qd7 23. Qe3 Qc7 24. Kg2 Qd7 25. Rb2 Qc7 26. Bf6 Nxf6 27. exf6 Nc6 28. Ng5 Rh8
29. Nxe6 fxe6 30. Qxe6+ Kf8 31. g5 Rd8 32. Re1 Qd7 33. f4 Rh7 34. f5 gxf5 35. g6
Qxe6 36. Rxe6 Rh6 37. Rxc6 Rxg6+ 38. Kf2 Rh6 39. Rxa6 Kf7 40. Bf3 Rxf6 41. Bxh5+
Kg7 42. Ra7+ Kh6 43. Bf3 f4 44. Re7 Kg6 45. Rb1 Kh6 46. Rc1 Kg6 47. Rg1+ Kh6 48.
Bd1 Rg6 49. Rxg6+ Kxg6 50. Re5 Kf6 51. h5 Rd7 52. Bg4 Rd8 53. Bf5 Rh8 54. Bg6
Rd8 55. Kf3 b4 56. axb4 Bc6 57. Kxf4 Rg8 58. Rf5+ Ke7 59. Kg5 Rh8 60. Rf7+ Kd6
61. Kf6 Rg8 62. h6 Be8 63. h7 Rh8 64. Kg7 Bxf7 1-0

[Event "20th HZ Open 2016"]
[Site "Vlissingen NED"]
[Date "2016.08.13"]
[Round "9.48"]
[White "Gogollok, Carsten"]
[Black "Provoost, Simon"]
[Result "0-1"]
[WhiteElo "2006"]
[BlackElo "2178"]
[WhiteFideId "24621277"]
[BlackFideId "1016334"]
[EventDate "2016.08.06"]

1. d4 d6 2. c4 e5 3. dxe5 dxe5 4. Qxd8+ Kxd8 5. Nc3 Be6 6. e3 Nd7 7. Nf3 f6 8.
Be2 Nh6 9. Bd2 Nf7 10. b3 c6 11. Na4 a5 12. Bc3 Nd6 13. O-O b5 14. Nb2 Ne4 15.
Be1 Ba3 16. Rb1 Nd6 17. cxb5 cxb5 18. Nd1 Bf5 19. Ra1 Bc2 20. Bd2 Ke7 21. Bc1
Bc5 22. Nc3 Rhb8 23. Ne1 Bg6 24. Nd3 Ba7 25. Nd5+ Kd8 26. Nc3 Rc8 27. Bb2 b4 28.
Na4 Rc2 29. Nc1 Nc5 30. Bd1 Rd2 31. Nxc5 Bxc5 32. Bf3 Rc8 33. Nd3 Bxd3 34. Rfd1
Rxd1+ 35. Rxd1 e4 36. Bg4 Rc7 37. f3 Bxe3+ 38. Kh1 Ke7 39. fxe4 Bxe4 40. Re1 Rc2 0-1

[Event "20th HZ Open 2016"]
[Site "Vlissingen NED"]
[Date "2016.08.13"]
[Round "9.49"]
[White "Elgersma, Simon"]
[Black "Beukema, Jasper"]
[Result "1/2-1/2"]
[WhiteElo "1999"]
[BlackElo "2170"]
[WhiteFideId "1046101"]
[BlackFideId "1032984"]
[EventDate "2016.08.06"]

1. e4 e5 2. Nf3 Nc6 3. Bb5 Nge7 4. Nc3 d6 5. d4 a6 6. Be2 Nxd4 7. Nxd4 exd4 8.
Qxd4 Nc6 9. Qd1 Be7 10. Nd5 O-O 11. O-O Re8 12. f4 Bf8 13. Bf3 g6 14. Bd2 Bg7
15. Bc3 Be6 16. Bxg7 Kxg7 17. Qd3 Bxd5 18. exd5 Ne7 19. Rfe1 Ng8 20. Rxe8 Qxe8
21. Qc3+ Kf8 22. Qxc7 Qe3+ 23. Kh1 Qe7 24. Qc3 Re8 25. Kg1 Qf6 26. Qxf6 Nxf6 27.
g3 Rc8 28. c3 Rc5 29. Rd1 Nd7 30. Kf2 Nb6 31. Rd4 Nc4 32. b3 Na3 33. Rd3 b5 34.
Ke3 Nb1 35. Kd4 Na3 36. Bd1 a5 37. Rd2 b4 38. c4 Nb1 39. Rd3 Nc3 1/2-1/2

[Event "20th HZ Open 2016"]
[Site "Vlissingen NED"]
[Date "2016.08.13"]
[Round "9.50"]
[White "Baete, Guy"]
[Black "Sparenberg, Erik"]
[Result "0-1"]
[WhiteElo "1844"]
[BlackElo "2147"]
[WhiteFideId "207187"]
[BlackFideId "1013262"]
[EventDate "2016.08.06"]

1. d4 d5 2. e4 dxe4 3. Nc3 Nf6 4. f3 e3 5. Bxe3 e6 6. Bd3 Nc6 7. a3 Nd5 8. Nxd5
exd5 9. Ne2 Bd6 10. Qd2 Ne7 11. Bf4 Be6 12. O-O Qd7 13. Rfe1 O-O-O 14. Bxd6 Qxd6
15. Nc3 Qb6 16. Bf1 Nf5 17. Red1 Kb8 18. Na4 Qd6 19. Nc5 Bc8 20. a4 h5 21. Qb4
Ka8 22. Ra3 Rhe8 23. Rb3 Ne3 24. Rc1 Nxf1 25. Rxf1 Re2 26. Qb5 Rde8 27. Nxb7 Qg6
28. g3 Qxc2 0-1